000 00684nam a2200205 4500
001 139320
003 ES-MaACL
005 20251003063128.0
007 t|
008 070214s1976 sp r ||||1| spa d
100 1 _aScott, Walter,
_cSir,
_d1771-1832
_9104957
245 1 0 _aHistoria de los demonios y de las brujas /
_cSir Walter Scott ; [traducción de Antonio Bergnes de las Casas].
260 _aBarcelona :
_bGlosa,
_c1976.
300 _aXVI, 242 p. ;
_c21 cm.
490 1 _aLa casa oculta
700 0 _aBergnes de las Casas, Antonio,
_d1801-1879
_928006
830 0 _aLa casa oculta
_9220214
852 _aES-MaACL
_jA-6548
_bR.95506
999 _c139320
_d139320